Natives and strangers

Bibliographic Details
Main Author: Dawkins, Louisa (Author)
Format: Book
Language:English
Published: Boston : Houghton Miflin 1985
Subjects:

MARC

LEADER 00000cam a2200000 7i4500
001 0000001246
005 20240924.0
008 991125 mau eng
020 |a 0395365538 
040 |a INS   |b eng   |e rda 
090 0 0 |a PS3554.A946   |b N3 1985 
100 1 |a Dawkins, Louisa ,   |e author 
245 1 0 |a Natives and strangers   |c Louisa Dawkins 
264 1 |a Boston :   |b Houghton Miflin   |c 1985 
300 |a 404 pages ;   |c 23 cm. 
336 |a text  |2 rdacontent 
337 |a unmediated  |2 rdamedia 
338 |a volume  |2 rdacarrier 
650 0 |a Natives and strangers 
999 |a 0000002271   |b BOOK   |c Open Shelf   |e Default branch